Vital organs - Statistics

General Stats
  • This quiz has been taken 92 times
  • The average score is 6 of 11
Answer Stats
Organ % Correct
Heart
100%
Brain
93%
Liver
93%
Lung
92%
Kidney
87%
Skin
71%
Spinal cord
25%
Vein
21%
Artery
18%
Nerve
17%
Capillary
8%
No matching quizzes found
Score Distribution
Percent of People with Each Score
Percentile by Number Answered
Your Score History
You have not taken this quiz